Phong trào thanh niên, sinh viên và trí thức trong những năm 40 : hồi ký /

Đã lưu trong:
書目詳細資料
主要作者: Mai Văn Bộ.
格式: Bài viết
語言:Vietnamese
主題:
標簽: 添加標簽
沒有標簽, 成為第一個標記此記錄!
Thư viện lưu trữ: Thư viện Trường Đại học Đà Lạt
LEADER 00899nam a2200301 4500
001 DLU090066113
005 ##20090427
040 # # |a DLU  |b vie 
041 # # |a vie 
044 # # |a vn 
100 # # |a Mai Văn Bộ. 
245 # # |a Phong trào thanh niên, sinh viên và trí thức trong những năm 40 :  |b hồi ký /  |c Mai Văn Bộ. 
653 # # |a Hồi ký 
653 # # |a Lịch sử hiện đại 
653 # # |a Lịch sử Việt Nam 
653 # # |a Phong trào sinh viên 
653 # # |a Phong trào thanh niên 
653 # # |a Phong trào yêu nước 
773 # # |t Khoa học Xã hội  |g Số 19, 1994, tr. 25-36 
920 # # |a Phòng Tạp chí -- Trung tâm Thông tin - Thư viện Trường Đại học Đà Lạt 
994 # # |a DLU 
900 # # |a True 
911 # # |a Nguyễn Thanh Hương 
925 # # |a G 
926 # # |a A 
927 # # |a BB 
980 # # |a Thư viện Trường Đại học Đà Lạt